000 00200 a2200097 4500
001 1014
100 _aCotton,H.
245 _aElectrical principles
260 _a
_bCleaver Hume
_c
090 _c586
_d586
942 _aNUST-CAE
_cM
_c32333
999 _c236087
_d236087